| 000 | 00947nam a2200301 a 4500 | ||
|---|---|---|---|
| 999 |
_c6091 _d6091 |
||
| 001 | 11855626 | ||
| 003 | OCoLC | ||
| 005 | 20190111183707.0 | ||
| 008 | 840815r19841972cou b 000 0 eng | ||
| 010 | _a84061740 | ||
| 020 | _a0891095241 (pbk.) | ||
| 040 |
_aDLC _cDLC |
||
| 050 | 0 |
_aBT453 _b.C63 1984 |
|
| 082 | 0 |
_a232. _219 _bC692N |
|
| 090 |
_aBT453 _b.C63 1985 |
||
| 100 | 1 |
_aColeman, Robert E., _d1928- |
|
| 245 | 1 | 4 |
_aThe new covenant / _cRobert E. Coleman ; [foreword by John R.W. Stott]. |
| 260 |
_aColorado Springs, Colo. : _bNavPress, _c1985, c1984. |
||
| 300 |
_a129 p. ; _c21 cm. |
||
| 500 | _aOriginally published as: Written in blood. c1972. | ||
| 500 | _a"A Navigator book"--Cover. | ||
| 504 | _aIncludes bibliographical references. | ||
| 600 | 0 | 0 |
_aJesus Christ _xCrucifixion. |
| 600 | 0 | 0 |
_aJesus Christ _vDevotional literature. |
| 650 | 0 | _aPrecious Blood, Devotion to. | |
| 740 | 0 | 1 | _aWritten in blood. |
| 942 |
_2ddc _cBK |
||